Statistics for Songs By Artist: Elvis Presley

Click here to take the quiz!

General Stats

  • This quiz has been taken 115 times
    (95 since last reset)
  • The average score is 15 of 25

Answer Stats

Answer% Correct
You ain't nothin' but a {Hound Dog}, Cryin' all the time, You ain't nothin' but a {Hound Dog}, Cryin' all the time, well, you ain't never caught a rabbit and you ain't no friend of mine...
100%
Let's rock, everybody let's rock. Everybody in the whole cell block, was dancin' to the {Jailhouse Rock}...
95%
We can't go on together, with {Suspicious Minds} {(Suspicious Minds)}, and we can't build our dreams on {Suspicious Minds}...
89%
Well, it's one for the money two for the show, three to get ready now go, cat, go, But don't you step on my {Blue Suede Shoes}, well you can do anything but lay off of my {Blue Suede Shoes}...
88%
Take my hand, take my whole life too. For I {Can't Help Falling In Love With You}...
86%
Well since my baby left me, I found a new place to dwell, well, it's down at the end of Lonely Street, at {Heartbreak Hotel}...
84%
You look like an angel (look like an angel), walk like an angel (walk like an angel), talk like an angel, but I got wise... {You're The Devil In Disguise}...
76%
You light my morning sky, with {Burning Love}... Oh, oh, oh, I feel my temperature rising. Help me i'm flaming, I must be 109...
72%
As the snow flies... On a cold and gray Chicago mornin' a poor baby child is born {In The Ghetto} {(In The Ghetto}). And his mama cries...
70%
{Love Me Tender}, love me sweet, never let me go...
66%
Don't procrastinate, don't articulate, girl it's getting late, and you just sit and wait around; {A Little Less Conversation}, a little more action please, all this aggravation ain't satisfactioning me...
63%
If you're looking for {Trouble}, you came to the right place. If you're looking for {Trouble}, just look right in my face...
63%
Well a bless my soul, what's wrong with me. I'm itching like a man on a fuzzy tree. My friends say I'm actin' wild as a bug. I'm in love. I'm {All Shook Up}...
63%
There must be lights burning brighter somewhere, got to be birds flying higher in a sky more blue. {If I Can Dream} of a better land, where all my brothers walk hand in hand...
61%
There's a thousand pretty women waitin' out there, and they're all livin' devil may care. And I'm just the devil with love to spare, {Viva Las Vegas}, {Viva Las Vegas}...
61%
Is your heart filled with pain, shall I come back again? Tell me, dear, {Are You Lonesome Tonight}...
58%
Baby, if I made you mad, for something I might have said. Please, let's forget the past. The future looks bright ahead, {Don't Be Cruel} to a heart that's true...
53%
Little things I should have said and done, I just never took the time. You were {Always On My Mind} (You were {Always On My Mind}), You were {Always On My Mind}...
53%
Well, {That's All Right}, mama, {That's All Right} for you, {That's All Right} mama, just anyway you do...
51%
And you're always there, to lend a hand in everything I do. That's the wonder... {The Wonder of You}...
46%
Down in Louisiana, where the alligators grow so mean. Lived a girl that I swear to the world, made the alligators look tame. {Polk Salad Annie}, gators got your granny...
37%
Stop, look and listen baby that's my philosophy, It's called {Rubberneckin'} baby well that's all right with me...
36%
I've loved you much too long, my love's too strong. To let you go, never knowing what went wrong. {Kentucky Rain} keeps pouring down...
33%
Now that you're near, the time is here, at last. {It's Now or Never}, come, hold me tight. Kiss me, my darling. Be mine tonight...
22%
She said, "Hey {Bossa Nova Baby} keep on workin' for this ain't no time to quit." She said, "Go, {Bossa Nova Baby}, keep on dancin' I'm about to have myself a fit..."
17%

Score Distribution

Percentile by Number Answered

Percent of People with Each Score

Your Score History

You have not taken this quiz since the last reset